|
|
|
|
| LEADER |
00000nab a2200000 4500 |
| 001 |
vtls011974012 |
| 003 |
SK-MaSNL |
| 005 |
20260318114800.0 |
| 008 |
200615c2019 xo er|n || ||00 c0ukr |
| 015 |
|
|
|a SNBRB2020/06
|
| 038 |
|
|
|a SVKPOCL
|
| 040 |
|
|
|a SVKPOCL
|b slo
|c SVKPOCL
|e rda
|
| 041 |
0 |
|
|a ukr
|
| 043 |
|
|
|a e-xo---
|
| 044 |
|
|
|a xo
|c SK
|
| 072 |
|
7 |
|a 336.1/.5
|x Verejné financie
|2 konspekt
|
| 072 |
|
7 |
|a 352/354
|x Stupne miestnej, oblastnej a ústrednej správy
|2 konspekt
|
| 080 |
|
|
|a 354.11/.86
|2 2011
|
| 080 |
|
|
|a 328.13
|2 2011
|
| 080 |
|
|
|a 005.745
|2 2011
|
| 080 |
|
|
|a 316.022.4(=161.25)(=161.2):061:2
|2 2011
|
| 080 |
|
|
|a 336.143
|2 2011
|
| 080 |
|
|
|a (437.6)
|2 2011
|
| 080 |
|
|
|a (437.671)
|2 2011
|
| 100 |
1 |
|
|a Medviď, Peter,
|d 1981-
|4 aut
|9 268505
|
| 245 |
1 |
0 |
|a Vlada v Snyni rozdilyla ponad 1,2 miliona. Hrošў piduť i do sel
|c Petro Medviď ; foto: Marija Durkotova
|
| 246 |
3 |
3 |
|a Vlada v Snyni rozdilyla ponad 1,2 miliona. Hrošў piduť i do sel
|
| 300 |
|
|
|b Fotografie
|
| 336 |
|
|
|a text
|b txt
|2 rdacontent
|
| 337 |
|
|
|a bez média
|b n
|2 rdamedia
|
| 338 |
|
|
|a zväzok
|b nc
|2 rdacarrier
|
| 500 |
|
|
|a V rubrike Z domova
|
| 600 |
1 |
7 |
|a Galandová, Daniela,
|d 1978-
|2 svkpocl
|9 1195790
|
| 600 |
1 |
7 |
|a Pellegrini, Peter,
|d 1975-
|2 svkpocl
|9 192389
|
| 600 |
1 |
7 |
|a Raši, Richard,
|d 1971-
|2 SNKMA
|9 121659
|
| 600 |
1 |
7 |
|a Richter, Ján,
|d 1956-
|2 svkpocl
|9 1096201
|
| 610 |
1 |
7 |
|a Slovensko.
|b Vláda
|2 SNKKA
|9 14235
|
| 610 |
2 |
7 |
|a Prešovský samosprávny kraj (Slovensko)
|2 SNKKA
|9 306008
|
| 610 |
1 |
7 |
|a Snina (Slovensko).
|b Primátor
|2 SNKKA
|9 188831
|
| 648 |
|
7 |
|a 16.1.2019
|2 svkpocl
|9 1310246
|
| 650 |
0 |
7 |
|a regionálny rozvoj
|2 SNKPH
|9 2352
|
| 650 |
0 |
7 |
|a finančné zdroje
|2 SNKPH
|9 71702
|
| 650 |
0 |
7 |
|a pracovné návštevy
|2 svkpocl
|9 69996
|
| 650 |
0 |
7 |
|a ministerstvá
|2 SNKPH
|9 30622
|
| 650 |
0 |
7 |
|a pracovné stretnutia
|2 SNKPH
|9 513273
|
| 650 |
0 |
7 |
|a financovanie
|2 SNKPH
|9 16004
|
| 650 |
0 |
7 |
|a programy a projekty
|2 SNKPH
|9 82765
|
| 650 |
0 |
7 |
|a vláda
|2 SNKPH
|9 4813
|
| 650 |
0 |
7 |
|a mestá
|2 SNKPH
|9 2929
|
| 651 |
|
7 |
|a Slovensko
|2 SNKPHgeo
|9 14231
|
| 651 |
|
7 |
|a Snina (Slovensko)
|2 SNKPHgeo
|9 17361
|
| 651 |
|
7 |
|a Snina (Slovensko : okres)
|2 SNKPHgeo
|9 56337
|
| 700 |
1 |
|
|a Durkotová, Mária
|4 pht
|9 1581783
|
| 773 |
0 |
|
|t NN info Rusyn
|g Roč. XVI (28), č. 1-2 (2019), s. 6
|x 2454-0013
|
| 852 |
|
|
|a SVKPO
|b KIS3GCP
|
| 958 |
|
|
|a RN
|
| 958 |
|
|
|a SS
|
| 958 |
|
|
|a BX
|
| 958 |
|
|
|a SK
|
| 958 |
|
|
|a NM
|
| 999 |
|
|
|c 3291321
|d 3293251
|